| 000 | 00694nam a2200217 i 4500 | ||
|---|---|---|---|
| 001 | 76729 | ||
| 003 | ES-MaACL | ||
| 005 | 20251015063104.0 | ||
| 007 | t| | ||
| 008 | 041005s1967 sp ||||1| spa d | ||
| 100 | 1 |
_aGuitton, Jean, _d1901-1999 _960916 |
|
| 245 | 1 | 0 |
_aDiálogos conciliares / _cJean Guitton ; [traducción de Antonio Ribera]. |
| 260 |
_aBarcelona : _bPomaire, _c[1967] |
||
| 300 |
_a389 p. ; _c20 cm. |
||
| 490 | 1 | _aGrandes Ensayos de Hoy | |
| 611 | 0 | 4 |
_aConcilio Vaticano ( _n2º. _d1962-1965) _9122 |
| 700 | 1 |
_aRibera, Antonio, _d1920-2001 _9165684 |
|
| 830 | 0 | 0 |
_aGrandes ensayos de hoy _9183528 |
| 852 |
_aES-MaACL _jG-4536 _bR.65038 |
||
| 999 |
_c76729 _d76729 |
||